[Event "?"]
[Site "fics rated blitz game, fics, "]
[Date "1998.??.??"]
[Round "?"]
[White "Brause"]
[Black "bogbrush"]
[Result "1-0"]
[WhiteElo "2365"]
[BlackElo "1705"]
[PlyCount "41"]

1. e4 e5 2. Nf3 Nc6 3. Nc3 Nf6 4. Nxe5 Nxe5 5. d4 Bb4 6. dxe5 Nxe4 7. Qg4 Nxc3
8. Qxb4 Nd5 9. Qg4 g6 10. Qd4 Nb6 11. Bh6 Qe7 12. O-O-O Rg8 13. Kb1 g5 14. h4
gxh4 15. Rxh4 Rg6 16. e6 Qxe6 17. Qh8+ Ke7 18. Qf8+ Kf6 19. Rf4+ Ke5 20. Qc5+
Nd5 21. Re1# 1-0

[Event "?"]
[Site "fics rated blitz game, fics, "]
[Date "1998.??.??"]
[Round "?"]
[White "Brause"]
[Black "gorano"]
[Result "1-0"]
[WhiteElo "2375"]
[BlackElo "1690"]
[PlyCount "83"]

1. e4 e5 2. Nf3 Nc6 3. Nc3 Nf6 4. Nxe5 Nxe5 5. d4 Ng6 6. e5 Ng8 7. Bc4 c6 8.
Qe2 Be7 9. Ne4 d5 10. exd6 Be6 11. dxe7 N8xe7 12. Bxe6 fxe6 13. Qc4 Nd5 14. Qc5
Qe7 15. Nd6+ Kf8 16. Nxb7 Qxc5 17. Nxc5 Kf7 18. O-O Rhe8 19. Ne4 Rad8 20. Bg5
Rd7 21. Nc5 Rc7 22. Rfe1 h6 23. Bd2 e5 24. Ba5 Nb6 25. Ne4 Rd7 26. Bb4 Rxd4 27.
c3 Rxe4 28. Rxe4 Nd5 29. Bc5 Ra8 30. Rd1 a5 31. Re2 Kf6 32. c4 Ndf4 33. Rd6+
Kf5 34. Re3 Rb8 35. b3 a4 36. g3 Nh3+ 37. Kg2 Ng5 38. g4+ Kxg4 39. Rxg6 axb3
40. axb3 Kf5 41. Rxc6 g6 42. Rxe5+ 1-0

[Event "?"]
[Site "fics rated blitz game, fics, "]
[Date "1998.??.??"]
[Round "?"]
[White "Brause"]
[Black "gorano"]
[Result "1-0"]
[WhiteElo "2375"]
[BlackElo "1685"]
[PlyCount "65"]

1. e4 e5 2. Nf3 Nc6 3. Nc3 Nf6 4. Nxe5 Nxe5 5. d4 Ng6 6. e5 Qe7 7. Qe2 c6 8.
exf6 gxf6 9. Be3 Bg7 10. O-O-O O-O 11. Qh5 d5 12. Bd3 Qb4 13. Rhe1 a5 14. Re2
a4 15. a3 Qd6 16. Rde1 b5 17. Kb1 b4 18. axb4 Qxb4 19. Na2 Qb7 20. Ka1 a3 21.
b3 Be6 22. f4 f5 23. g4 c5 24. gxf5 cxd4 25. Bc1 Bxf5 26. Qxf5 Qc6 27. Bd2 Rac8
28. Nb4 Qb7 29. Re7 Rc7 30. Nxd5 Rxe7 31. Rxe7 Qa8 32. Bb4 Re8 33. Qxf7+ 1-0

[Event "?"]
[Site "fics rated blitz game, fics, "]
[Date "1998.??.??"]
[Round "?"]
[White "Brause"]
[Black "buctooth"]
[Result "1-0"]
[WhiteElo "2375"]
[BlackElo "1735"]
[PlyCount "27"]

1. e4 e5 2. Nf3 Nc6 3. Nc3 Nf6 4. Nxe5 Nxe5 5. d4 Bb4 6. dxe5 Nxe4 7. Qg4 Bxc3+
8. bxc3 d5 9. Qxg7 Rf8 10. Bh6 Qe7 11. Bd3 Bf5 12. Qxf8+ Qxf8 13. Bxf8 Kxf8 14.
f3 1-0

[Event "?"]
[Site "fics rated blitz game, fics, "]
[Date "1998.??.??"]
[Round "?"]
[White "Brause"]
[Black "buctooth"]
[Result "1-0"]
[WhiteElo "2375"]
[BlackElo "1735"]
[PlyCount "39"]

1. e4 e5 2. Nf3 Nc6 3. Nc3 Nf6 4. Nxe5 Nxe5 5. d4 Ng6 6. e5 Ng8 7. Bc4 c6 8.
Qe2 N8e7 9. Qf3 d5 10. exd6 Qxd6 11. Qxf7+ Kd8 12. Bg5 Kc7 13. O-O-O h6 14. Ne4
Qd7 15. d5 Qf5 16. d6+ Kb6 17. dxe7 Qxf7 18. Be3+ Kc7 19. Bxf7 Bxe7 20. Bxg6
1-0

[Event "?"]
[Site "fics rated blitz game, fics, "]
[Date "1998.??.??"]
[Round "?"]
[White "Brause"]
[Black "buctooth"]
[Result "1-0"]
[WhiteElo "2375"]
[BlackElo "1735"]
[PlyCount "45"]

1. e4 e5 2. Nf3 Nc6 3. Nc3 Nf6 4. Nxe5 Nxe5 5. d4 Ng6 6. e5 Ng8 7. Bc4 c6 8.
Qe2 N8e7 9. Qf3 d5 10. exd6 Qxd6 11. Qxf7+ Kd8 12. Bg5 Bd7 13. O-O-O Be8 14.
Qf3 h6 15. Bd2 Qf6 16. Qxf6 gxf6 17. Rde1 Kc7 18. Ne4 Bg7 19. Nc5 Bd7 20. Bf4+
Kc8 21. Nxd7 Kxd7 22. Be6+ Kd8 23. Bd6 1-0

[Event "?"]
[Site "fics rated blitz game, fics, "]
[Date "1998.??.??"]
[Round "?"]
[White "Brause"]
[Black "checkmateJIM"]
[Result "1-0"]
[WhiteElo "2375"]
[BlackElo "1755"]
[PlyCount "83"]

1. e4 e5 2. Nf3 Nc6 3. Nc3 Nf6 4. Nxe5 Nxe5 5. d4 Neg4 6. e5 Nxf2 7. Kxf2 Ng8
8. Bc4 d5 9. Bxd5 Be6 10. Bxb7 Rb8 11. Bc6+ Bd7 12. Bxd7+ Qxd7 13. Qd3 Ne7 14.
Rf1 Nd5 15. Nxd5 Qxd5 16. Rd1 Be7 17. Qa6 O-O 18. Qxa7 Rb6 19. Qxc7 Bh4+ 20.
Kg1 Rg6 21. Rd2 Qe4 22. g3 Bxg3 23. Qc3 Bxe5+ 24. Kf1 Bxd4 25. Qxd4 Qh1+ 26.
Ke2 Re8+ 27. Kd3 Qf3+ 28. Kc4 Rc6+ 29. Qc5 Rxc5+ 30. Kxc5 Rc8+ 31. Kd4 Rd8+ 32.
Kc5 Qf5+ 33. Kc6 Qc8+ 34. Kb6 Re8 35. c3 Re6+ 36. Kb5 Qa6+ 37. Kc5 Qb6+ 38. Kc4
Rc6+ 39. Kd3 Qb5+ 40. Ke4 f5+ 41. Kf4 h6 42. a4 1-0

[Event "?"]
[Site "fics rated blitz game, fics, "]
[Date "1998.??.??"]
[Round "?"]
[White "Brause"]
[Black "Mathdud"]
[Result "1-0"]
[WhiteElo "2375"]
[BlackElo "2775"]
[PlyCount "35"]

1. e4 e5 2. Nf3 Nc6 3. Nc3 Nf6 4. Nxe5 Nxe5 5. d4 Nc6 6. d5 Ne5 7. f4 Neg4 8.
e5 Nxe5 9. fxe5 Ng4 10. Qxg4 d6 11. e6 fxe6 12. Bb5+ Bd7 13. dxe6 Bxb5 14. Qh5+
g6 15. Qxb5+ c6 16. Qxb7 Qh4+ 17. g3 Qe4+ 18. Nxe4 1-0

[Event "?"]
[Site "fics rated blitz game, fics, "]
[Date "1998.??.??"]
[Round "?"]
[White "Brause"]
[Black "buctooth"]
[Result "1-0"]
[WhiteElo "2365"]
[BlackElo "1735"]
[PlyCount "59"]

1. e4 e5 2. Nf3 Nc6 3. Nc3 Nf6 4. Nxe5 Nxe5 5. d4 Ng6 6. e5 Ng8 7. Bc4 c6 8.
Qe2 N8e7 9. Qf3 d5 10. exd6 Qxd6 11. Qxf7+ Kd8 12. Bg5 h6 13. Be3 Qf6 14. Qxf6
gxf6 15. O-O Bf5 16. Rfe1 Kc7 17. d5 Rd8 18. dxc6 bxc6 19. Bxa7 Nd5 20. Nxd5+
cxd5 21. Bb3 Bb4 22. c3 Ba5 23. Bd4 Rhf8 24. Be3 h5 25. Rad1 Be6 26. Bc5 Rfe8
27. Bd4 f5 28. Bf6 Rd7 29. Ba4 Rf7 30. Be5+ 1-0

[Event "?"]
[Site "fics rated blitz game, fics, "]
[Date "1998.??.??"]
[Round "?"]
[White "Brause"]
[Black "Lichtzahn"]
[Result "0-1"]
[WhiteElo "2315"]
[BlackElo "2475"]
[PlyCount "113"]

1. e4 e5 2. Nf3 Nc6 3. Nc3 Nf6 4. Nxe5 Nxe5 5. d4 Ng6 6. e5 Ng8 7. Bc4 c6 8.
Qf3 d5 9. exd6 Be6 10. Bxe6 fxe6 11. Ne4 Qa5+ 12. Bd2 Qf5 13. h4 h5 14. c4 Qxf3
15. gxf3 O-O-O 16. c5 e5 17. dxe5 Nxe5 18. O-O-O Re8 19. Bc3 Nf6 20. Nxf6 gxf6
21. Rhe1 Bh6+ 22. f4 Nd7 23. Kc2 Nxc5 24. Bxf6 Rhg8 25. Bg5 Bg7 26. Re7 Nd7 27.
f5 Ref8 28. Rde1 b6 29. R1e6 Bh8 30. f6 Bxf6 31. Bxf6 Rxf6 32. Rxf6 Nxf6 33.
Rxa7 Rd8 34. Rc7+ Kb8 35. Rxc6 Nd5 36. a3 Kb7 37. Rc4 Rxd6 38. Re4 Rf6 39. Re5
Rxf2+ 40. Kd3 Nf6 41. b3 Rf4 42. Re7+ Kc6 43. Re6+ Kc7 44. b4 Nd7 45. Re4 Rf3+
46. Ke2 Rxa3 47. Kd2 Kd6 48. Rd4+ Ke6 49. Ke2 Ne5 50. Re4 Rb3 51. Rf4 Nc6 52.
Rc4 Kd5 53. Rf4 Nd4+ 54. Kf2 Rxb4 55. Rf8 Ke4 56. Rh8 Rb2+ 57. Kg3 0-1

[Event "?"]
[Site "fics rated standard game, fic"]
[Date "1998.??.??"]
[Round "?"]
[White "Brause"]
[Black "WiseMaster"]
[Result "1-0"]
[WhiteElo "2270"]
[BlackElo "1820"]
[PlyCount "35"]

1. e4 e5 2. Nf3 Nc6 3. Nc3 Nf6 4. Nxe5 Qe7 5. Nxc6 dxc6 6. d3 Bg4 7. Be2 h5 8.
Bg5 Qe5 9. f4 Bxe2 10. fxe5 Bxd1 11. exf6 Bxc2 12. Kd2 gxf6 13. Bxf6 Rh6 14.
Raf1 Rg6 15. Kxc2 Rxg2+ 16. Kb1 Bd6 17. Rf5 Bxh2 18. Rxh5 1-0

[Event "?"]
[Site "fics rated standard game, fic"]
[Date "1998.??.??"]
[Round "?"]
[White "Brause"]
[Black "MeanMachine"]
[Result "0-1"]
[WhiteElo "2250"]
[BlackElo "2310"]
[PlyCount "139"]

1. e4 e5 2. Nf3 Nc6 3. Nc3 Nf6 4. Nxe5 Nxe5 5. d4 Ng6 6. e5 Ng8 7. Bc4 Bb4 8.
Qf3 Bxc3+ 9. bxc3 Qe7 10. O-O Rb8 11. Re1 b6 12. d5 Nxe5 13. Rxe5 Qxe5 14. Bf4
Qf6 15. Re1+ Ne7 16. Bxc7 Qxf3 17. gxf3 Rb7 18. Bd6 O-O 19. Rxe7 b5 20. Bd3 a6
21. Re1 Rd8 22. Re7 h6 23. Kg2 a5 24. a3 g6 25. f4 f5 26. h4 Rf8 27. c4 bxc4
28. Bxc4 Rd8 29. a4 h5 30. Bb5 Rf8 31. Be5 Rf7 32. Re8+ Rf8 33. Rxf8+ Kxf8 34.
Ba6 Ke7 35. c4 Rb8 36. Bb5 d6 37. Bc3 Bd7 38. Bxa5 Ra8 39. Bc3 Bxb5 40. axb5
Ra4 41. b6 Kd7 42. c5 dxc5 43. b7 Kc7 44. Be5+ Kxb7 45. Kf1 Ra2 46. Ke1 c4 47.
Bc3 Kc7 48. Be5+ Kd7 49. d6 Ke6 50. Kf1 Rd2 51. Ke1 Rc2 52. Kf1 Ra2 53. Ke1 Kd7
54. Kf1 Kc6 55. Ke1 Rc2 56. Kf1 Rd2 57. Ke1 Ra2 58. Kf1 Ra3 59. Ke1 Rd3 60. Ke2
Kb5 61. Bf6 Rxd6 62. Bg7 Ka4 63. Be5 Rd5 64. Bc3 Kb3 65. Bh8 c3 66. Bxc3 Kxc3
67. Kf3 Kd3 68. Kg2 Ke2 69. Kg3 Kf1 70. f3 0-1

[Event "?"]
[Site "fics rated lightning game, fi"]
[Date "1998.??.??"]
[Round "?"]
[White "Brause"]
[Black "struppi"]
[Result "1-0"]
[WhiteElo "2380"]
[BlackElo "2095"]
[PlyCount "81"]

1. e4 e5 2. Nf3 Nc6 3. Nc3 Nf6 4. Nxe5 Nxe5 5. d4 Nc6 6. d5 Bb4 7. dxc6 O-O 8.
cxd7 Bxd7 9. f3 Nxe4 10. fxe4 Qh4+ 11. Kd2 Qxe4 12. Qf3 Qd4+ 13. Bd3 Bc6 14.
Qh3 Qf2+ 15. Kd1 h6 16. Rf1 Qxg2 17. Qxg2 Bxg2 18. Rf2 Bh3 19. Nd5 Ba5 20. b4
Bb6 21. Nxb6 axb6 22. Bf4 c5 23. Bd6 Rfc8 24. Bc4 Be6 25. Bxe6 fxe6 26. b5 Ra4
27. c3 Rca8 28. Rb2 Rc4 29. Kc2 Rg4 30. Rd1 Rd8 31. Kb3 g5 32. Rbd2 h5 33. Be5
Rxd2 34. Rxd2 Re4 35. Bf6 g4 36. Bd8 Kf7 37. Bxb6 c4+ 38. Kb4 h4 39. Rd7+ Kf6
40. Bd8+ Kf5 41. Bxh4 1-0